000 00331nam a2200133Ia 4500
008 191201s2004 xx 000 0 und d
082 _a658.4
_bHOC
100 _aHORVARD BUSINESS REVIEW
245 0 _aCreating Teams with an Edge
260 _bHarvard Business School Press
_c2004
300 _a172
650 _aMBA
942 _2ddc
_cBK
999 _c387
_d387